Nere herriaren ibillaldiak eta gora-eheak (Record no. 35782)

MARC details
000 -LEADER
campo de control de longitud fija 00778nam a2200181 i 4500
001 - NÚMERO DE CONTROL
campo de control 35782
003 - IDENTIFICADOR DE NÚMERO DE CONTROL
campo de control ES-MaACL
005 - FECHA Y HORA DE LA ÚLTIMA TRANSACCIÓN
campo de control 20230906155218.0
007 - CAMPO FIJO DE DESCRIPCIÓN FÍSICA--INFORMACIÓN GENERAL
campo de control de longitud fija t|
008 - DATOS DE LONGITUD FIJA--INFORMACIÓN GENERAL
campo de control de longitud fija 030214s1976 sp ||||1| baq d
100 1# - ENTRADA PRINCIPAL--NOMBRE DE PERSONA
Nombre de persona Bozas Urrutia, Evaristo.
9 (RLIN) 31214
245 10 - MENCIÓN DEL TÍTULO
Título Nere herriaren ibillaldiak eta gora-eheak
Resto del título : andanzas y mudanzas de mi pueblo: (Rentería en la leyenda y en la historia) /
Mención de responsabilidad, etc. Evaristo Bozas Urrutia ; traducción al euskera y notas de Rodolfo Bozas Urrutia ; presentación de Luis Michelena.
260 ## - PUBLICACIÓN, DISTRIBUCIÓN, ETC.
Lugar de publicación, distribución, etc. San Sebastián :
Nombre del editor, distribuidor, etc. Sociedad Guipuzcoana de Ediciones y Publicaciones,
Fecha de publicación, distribución, etc. [1976]
300 ## - DESCRIPCIÓN FÍSICA
Extensión XXX, 354 p., 1 lám. :
Otras características físicas il. ;
Dimensiones 22 cm.
700 1# - ENTRADA AGREGADA--NOMBRE PERSONAL
Nombre de persona Bozas Urrutia, Rodolfo.
9 (RLIN) 31215
700 1# - ENTRADA AGREGADA--NOMBRE PERSONAL
Nombre de persona Michelena, Luis.
9 (RLIN) 80916
852 ## - LOCALIZACIÓN
Ubicación ES-MaACL
Número de control de estantería A-6886
Sublocalización o colección R.95349
Holdings
Estatus retirado Estado de pérdida Estado de daño No para préstamo Biblioteca de origen Biblioteca actual Ubicación en estantería Fecha de adquisición Fuente de adquisición Total de préstamos Signatura topográfica completa Código de barras Visto por última vez Precio de reemplazo Tipo de ítem Koha
        Biblioteca del Ateneo de Madrid Biblioteca del Ateneo de Madrid Sala Pecera Planta 1 17/01/2008     A-6886 1037483 23/02/2023 23/02/2023 Libro impreso